00412nam a2200181Ia 4500003000500000008004100005020001800046040001900064082000700083100001900090245001900109250000600128260004300134300001000177365000800187546001200195700002300207STCL230729s9999 xx 000 0 und d a9788131714508 aSTCLcSTCLbEN 222 aMano, M Morris 0aDigital design a4 bPearson Prentice HallaNew Delhic2008 a623 p b360 aEnglish aClietti, Michael D